| 000 | 00725nam a22002770a 4500 | ||
|---|---|---|---|
| 001 | PT45345 | ||
| 003 | AR-LpoUNG | ||
| 005 | 20250205141017.0 | ||
| 008 | 191001s2012||||ag |||||||||||||||||spa d | ||
| 020 |
_a9789870417071 _c$7,63 |
||
| 040 |
_aAR-LpoUNG _bspa _cAR-LpoUNG _eaacr |
||
| 041 | _aspa | ||
| 044 | _aag | ||
| 082 | 0 | _a808.068 3 64pai | |
| 100 | 1 | _aIparraguirre, Sylvia | |
| 245 | 1 | 3 | _aEl país del viento |
| 250 | _a2da. ed., 1ra. reimpr. | ||
| 260 |
_aBuenos Aires : _bAlfaguara, _c2012. |
||
| 300 |
_a134 p. : _bil. |
||
| 505 | 0 | _aSugerido a partir de 14 años (etiqueta VERDE) | |
| 650 | 4 | _aCUENTOS | |
| 650 | 4 | _aLITERATURA | |
| 653 | 0 | _aLITERATURA INFANTIL | |
| 905 | _a45345 | ||
| 942 |
_cLIB _2ddc |
||
| 999 |
_c7760 _d7760 |
||